The Strictly Come Dancing Quiz - Statistics

General Stats
  • This quiz has been taken 128 times
    81 since last reset
  • The average score is 30 of 83
Answer Stats
Role Tenure Answer % Correct
Host Series 1-present Tess Daly
95%
Host Series 12-present Claudia Winkleman
90%
ITT Host Series 2-8 Claudia Winkleman
90%
Host Series 1-11 Sir Bruce Forsyth
82%
Judge Series 18 (Guest) Anton Du Beke
81%
Professional Series 1-18 Anton Du Beke
81%
Judge Series 15-present Shirley Ballas
77%
ITT Host Series 9-present Zoe Ball
77%
Judge Series 17-present Motsi Mabuse
71%
Judge Series 19-present Anton du Beke
69%
Judge Series 1-14 Len Goodman
69%
Judge Series 1-present Craig Revel-Horwood
68%
Judge Series 1-17 Bruno Tonioli
63%
Judge Series 7-9 Alesha Dixon
60%
Professional Series 14-present Neil Jones
60%
Judge Series 1-6 Arlene Phillips
56%
Judge Series 10-16 Darcey Bussell
56%
Judge Series 7 (Guest) Darcey Bussell
56%
Professional Series 14-present Katya Jones
56%
Professional Series 11-17 Kevin Clifton
56%
Professional Series 13-19 Oti Mabuse
56%
Professional Series 11-18 Janette Manrara
55%
Professional Series 15-present Dianne Buswell
53%
Professional Series 1-15 Brendan Cole
52%
Professional Series 15-present Amy Dowden
50%
Professional Series 10-present Karen Hauer
50%
Professional Series 12-14 Joanne Clifton
47%
Professional Series 14-present Gorka Marquez
45%
Professional Series 4-13 Ola Jordan
44%
Professional Series 13-present Giovanni Pernice
42%
Professional Series 4-11 James Jordan
40%
Professional Series 15-present Nadiya Bychkova
39%
Judge Series 12 (Guest) Donny Osmond
37%
Professional Series 17-present Nancy Xu
37%
Professional Series 14-17 AJ Pritchard
35%
Professional Series 19-present Nikita Kuzmin
34%
Professional Series 2-7 Ian Waite
32%
Professional Series 16-present Luba Mushtuk
32%
Professional Series 1-10 Erin Boag
31%
ITT Host Series 16 (Guest) Gethin Jones
31%
Professonal Series 19-present Kai Widdrington
31%
Professional Series 1 Kylie Jones
31%
ITT Host Series 17-present Rylan Clark-Neal
31%
Judge Series 9 (Guest) Jennifer Grey
29%
Professional Series 16-present Johannes Radebe
29%
Professional Series 2-7 Darren Bennett
27%
Professional Series 9-16 Pasha Kovalev
27%
Professional Series 11-present Aljaž Skorjanec
26%
Professional Series 16-present Graziano Di Prima
26%
Professional Series 3-6 Karen Hardy
26%
Professional Series 3-7 Matthew Cutler
26%
Professional Series 7-14 Natalie Lowe
26%
Professional Series 7-13 Aliona Vilani
23%
Professional Series 1-6 Camilla Dallerup
23%
Professional Series 2-7 Lilia Kopylova
21%
Professional Series 13 Gleb Savchenko
19%
Professional Series 8-11 Robin Windsor
19%
Professional Series 4-10 Flavia Cacace
18%
Host Series 2 (Early Rounds) Natasha Kaplinsky
18%
Professional Series 12 Trent Whiddon
18%
Professional Series 19-present Cameron Lombard
16%
Professional Series 14-15 Chloe Hewitt
16%
Professional Series 2, 4-5 Nicole Cutler
16%
Professional Series 4-10 Vincent Simone
15%
Judge Series 16-17 (Guest) Alfonso Ribeiro
13%
Professional Series 8-11 Artem Chigvintsev
13%
Professional Series 14 Oksana Platero
13%
Professional Series 12-13 Tristan MacManus
13%
Professional Series 1 Hanna Karttunen
10%
Professional Series 2 Hazel Newberry
10%
Professional Series 19-present Jowita Przystał
10%
Professional Series 1-2 Paul Killick
10%
Professional Series 6-7 Brian Fortuna
8%
Professional Series 3 Izabela Hannah
8%
Professional Series 6-13 Kristina Rhianoff
6%
Professional Series 3 Andrew Cuerden
5%
Professional Series 11 Anya Garnis
5%
Professional Series 10-12 Iveta Lukosiute
5%
Professional Series 7-9 Katya Virshilas
5%
Professional Series 6 Hayley Holt
3%
Professional Series 1 John Byrnes
3%
Professional Series 3 Hanna Haarala
2%
Professional Series 8 Jared Murillo
2%
No matching quizzes found
Score Distribution
Percent of People with Each Score
Percentile by Number Answered
Your Score History
You have not taken this quiz since the last reset